Today's handbook of Bible characters. (Record no. 655)

000 -LEADER
fixed length control field 00571nam a2200181 a 4500
001 - CONTROL NUMBER
control field :::00013811$&:&@@
003 - CONTROL NUMBER IDENTIFIER
control field OkBaRHE
005 - DATE AND TIME OF LATEST TRANSACTION
control field 20100324135328.0
008 - FIXED-LENGTH DATA ELEMENTS--GENERAL INFORMATION
fixed length control field s1987 j 000 0 eng u
040 ## - CATALOGING SOURCE
Transcribing agency
100 1# - MAIN ENTRY--PERSONAL NAME
Personal name Blaiklock, E. M.
245 10 - TITLE STATEMENT
Title Today's handbook of Bible characters.
260 ## - PUBLICATION, DISTRIBUTION, ETC. (IMPRINT)
Place of publication, distribution, etc Minneapolis, MN., :
Name of publisher, distributor, etc Bethany House
Date of publication, distribution, etc 1987
300 ## - PHYSICAL DESCRIPTION
Extent 639 p. ;
Dimensions 22 cm.
650 ## - SUBJECT ADDED ENTRY--TOPICAL TERM
Topical term or geographic name as entry element Bible
General subdivision Biography
-- Handbooks, Manuals, etc.
942 ## - ADDED ENTRY ELEMENTS (KOHA)
Source of classification or shelving scheme
Koha item type Books
Copies
Withdrawn status Price effective from Not for loan Shelving location Full call number Koha item type Source of classification or shelving scheme Barcode Lost status Date acquired Permanent Location Copy number Date last seen Damaged status Collection code
 2010-04-14 General StacksBS 571 .B552Books 13811 2010-04-14RHEMA Bible Training College12012-01-11 Reference